[Event "SR 3. liga A2 2012/2013"]
[Site "?"]
[Date "2012.11.18"]
[Round "4.2"]
[White "Cechovic, Stefan"]
[Black "Ambros, Rafael"]
[Result "0-1"]
[WhiteElo "2169"]
[BlackElo "1997"]
[PlyCount "42"]
[EventDate "2012.??.??"]

1. c4 Nf6 2. g3 g6 3. Bg2 Bg7 4. Nf3 O-O 5. O-O d6 6. d4 c6 7. Nc3 Nbd7 8. Qc2
Qc7 9. b3 e5 10. Rd1 Re8 11. dxe5 dxe5 12. e4 Nf8 13. Ba3 Bg4 14. h3 Bxf3 15.
Bxf3 Rad8 16. Rxd8 Rxd8 17. Rd1 Ne6 18. Rxd8+ Qxd8 19. Bg2 Nd4 20. Qd3 Qa5 21.
Bc1 Qxc3 0-1

[Event "SR 3. liga A2 2012/2013"]
[Site "?"]
[Date "2012.11.18"]
[Round "4.2"]
[White "Kocak, Branislav"]
[Black "Liptak, Tomas"]
[Result "1-0"]
[WhiteElo "1891"]
[BlackElo "2082"]
[PlyCount "39"]
[EventDate "2012.??.??"]

1. d4 f5 2. e4 fxe4 3. Nc3 Nf6 4. Bg5 c6 5. f3 exf3 6. Nxf3 e6 7. Ne5 Bb4 8.
Bd3 O-O 9. O-O Bxc3 10. bxc3 Qe8 11. Qe1 Qh5 12. Qg3 Kh8 13. Rf4 d6 14. Ng6+
hxg6 15. Rh4 e5 16. Bxg6 Qxh4 17. Qxh4+ Kg8 18. Rf1 Nbd7 19. Rf3 Nb6 20. Bxf6
1-0

[Event "SR 3. liga A2 2012/2013"]
[Site "?"]
[Date "2012.11.18"]
[Round "4.2"]
[White "Machalova, Erika"]
[Black "Brunovsky, Peter"]
[Result "1-0"]
[WhiteElo "2073"]
[BlackElo "1816"]
[PlyCount "59"]
[EventDate "2012.??.??"]

1. d4 d5 2. c4 c6 3. Nc3 Nf6 4. Nf3 g6 5. e3 Bg7 6. Bd3 O-O 7. O-O a6 8. a4 Re8
9. Qb3 e6 10. Re1 Nbd7 11. e4 dxe4 12. Bxe4 Qb6 13. Qc2 Qa7 14. Bg5 Bf8 15. h4
Qb8 16. Bd3 b6 17. Ne4 Nxe4 18. Bxe4 Bb7 19. Qd2 Bg7 20. h5 Nf6 21. Bxf6 Bxf6
22. hxg6 hxg6 23. Ra3 Kg7 24. Rb3 Rh8 25. Rxb6 Bd8 26. Rb3 Qc8 27. Ne5 Bc7 28.
Qb4 Rb8 29. Qe7 Bxe5 30. dxe5 1-0

[Event "SR 3. liga A2 2012/2013"]
[Site "?"]
[Date "2012.11.18"]
[Round "4.2"]
[White "Valla, Tomas"]
[Black "Liptak, Dusan"]
[Result "0-1"]
[WhiteElo "1813"]
[BlackElo "2060"]
[PlyCount "83"]
[EventDate "2012.??.??"]

1. e4 d6 2. d4 Nd7 3. Bd3 e5 4. c3 Ngf6 5. Be3 Be7 6. h3 c5 7. Nf3 O-O 8. Nbd2
Re8 9. O-O Bf8 10. Re1 cxd4 11. cxd4 exd4 12. Bxd4 Nc5 13. Bc2 b5 14. b4 Ne6
15. Be3 Bb7 16. Nd4 Nxd4 17. Bxd4 Nd7 18. Qg4 Ne5 19. Qg3 Nc6 20. Bc3 d5 21.
exd5 Rxe1+ 22. Rxe1 Nxb4 23. Bxb4 Bxb4 24. Qd3 g6 25. Bb3 a6 26. Rd1 Qb6 27.
Ne4 Rd8 28. Qf3 f5 29. Ng5 Qd6 30. Ne6 Rd7 31. Qe3 Rf7 32. Qg5 Ba5 33. Qe3 f4
34. Qe4 Bb6 35. Ng5 Rf5 36. Qe8+ Rf8 37. Qe4 h6 38. Ne6 Rf6 39. Qd3 Kh7 40. Bc2
f3 41. g3 Qxg3+ 42. Kf1 0-1

[Event "SR 3. liga A2 2012/2013"]
[Site "?"]
[Date "2012.11.18"]
[Round "4.2"]
[White "Sarmir, Milos"]
[Black "Zajicek, Ferdinand"]
[Result "1-0"]
[WhiteElo "2067"]
[BlackElo "1830"]
[PlyCount "125"]
[EventDate "2012.??.??"]

1. e4 c5 2. Nf3 d6 3. d4 cxd4 4. Nxd4 Nc6 5. Be2 Nf6 6. Nc3 g6 7. O-O Bg7 8.
Kh1 O-O 9. f4 Nxe4 10. Nxc6 Nxc3 11. Nxd8 Nxd1 12. Nxf7 Nxb2 13. Ng5 h6 14. Ne4
Bf5 15. Bf3 Rac8 16. Be3 b6 17. g4 Be6 18. Ng3 Rxc2 19. Be4 Rc3 20. Bd2 Rcc8
21. f5 Nc4 22. Bxh6 Bxh6 23. fxe6 Rxf1+ 24. Rxf1 Nd2 25. Rf7 Nxe4 26. Nxe4 Rc1+
27. Kg2 Re1 28. Nf2 Rxe6 29. Rf3 Re3 30. Nd3 Rxf3 31. Kxf3 a5 32. Ke4 Kf7 33.
Kd5 Be3 34. Nb2 Bf2 35. Nc4 Kf6 36. Nd2 Bc5 37. Ne4+ Kf7 38. Ng5+ Kf6 39. Ne4+
Kf7 40. Ng5+ Ke8 41. Ke6 b5 42. Kd5 Kd7 43. Ne6 Bg1 44. h3 a4 45. Nf4 g5 46.
Ne2 Be3 47. Nc3 e6+ 48. Ke4 Bc1 49. Kd3 Kc6 50. Ne2 Bb2 51. Ng1 Bf6 52. Nf3 Kc5
53. h4 gxh4 54. g5 Bg7 55. Nxh4 Kb4 56. Ng2 Be5 57. Kc2 Ka3 58. Kb1 Kb4 59. g6
d5 60. Nf4 d4 61. Nd3+ Kc3 62. Nxe5 d3 63. Nxd3 1-0

[Event "SR 3. liga A2 2012/2013"]
[Site "?"]
[Date "2012.11.18"]
[Round "4.2"]
[White "Papanek, Lubomir"]
[Black "Markuliak, Mario"]
[Result "1/2-1/2"]
[WhiteElo "1590"]
[BlackElo "1808"]
[PlyCount "39"]
[EventDate "2012.??.??"]

1. d4 d5 2. c4 Nf6 3. Nf3 e6 4. e3 Be7 5. Bd3 dxc4 6. Bxc4 O-O 7. O-O b6 8. Nc3
Bb7 9. Bd3 c5 10. b3 Nc6 11. dxc5 Bxc5 12. Bb2 Nb4 13. Be2 Qxd1 14. Rfxd1 Rfd8
15. Ne5 Nbd5 16. Rac1 Nxc3 17. Bxc3 Ba3 18. Rxd8+ Rxd8 19. Rd1 Rxd1+ 20. Bxd1
1/2-1/2

[Event "SR 3. liga A2 2012/2013"]
[Site "?"]
[Date "2012.11.18"]
[Round "4.2"]
[White "Vlkovic, Pavol"]
[Black "Kanka, Tomas"]
[Result "1-0"]
[WhiteElo "1801"]
[BlackElo "1435"]
[PlyCount "85"]
[EventDate "2012.??.??"]

1. e4 e5 2. Nf3 Nc6 3. Bc4 Be7 4. O-O Nf6 5. d3 O-O 6. c3 d6 7. Re1 Na5 8. Bb5
a6 9. Ba4 b5 10. Bc2 c5 11. Nbd2 Nc6 12. Nf1 Qb6 13. Ng3 h6 14. Nh4 Nxe4 15.
Nxe4 Bxh4 16. Nxd6 Be6 17. Qh5 Bg5 18. Bxg5 hxg5 19. d4 f5 20. dxe5 g4 21. Nxf5
Bxf5 22. Bxf5 Rxf5 23. Qxf5 c4 24. Qe6+ Kh8 25. Qxg4 Rf8 26. Qh4+ Kg8 27. Rad1
Qc5 28. Qg3 Rf5 29. Rd7 Qf8 30. e6 Ne7 31. Red1 Qf6 32. Rd8+ Kh7 33. Qh3+ Kg6
34. Qg4+ Rg5 35. Qe4+ Rf5 36. g4 Qg5 37. Kh1 Kf6 38. Rf8+ Kg6 39. gxf5+ Nxf5
40. Rg1 Qxg1+ 41. Kxg1 b4 42. Qxf5+ Kh6 43. Rh8# 1-0

[Event "SR 3. liga A2 2012/2013"]
[Site "?"]
[Date "2012.11.18"]
[Round "4.3"]
[White "Sturdik, Igor"]
[Black "Abel, Peter"]
[Result "0-1"]
[WhiteElo "2027"]
[BlackElo "2194"]
[PlyCount "64"]
[EventDate "2012.??.??"]

1. e4 Nf6 2. e5 Nd5 3. d4 d6 4. c4 Nb6 5. f4 dxe5 6. fxe5 Nc6 7. Be3 Bf5 8. Nc3
e6 9. Nf3 Nb4 10. Rc1 c5 11. a3 cxd4 12. Nxd4 Nc6 13. Nxf5 exf5 14. Nb5 Nxe5
15. Qxd8+ Rxd8 16. Nxa7 Na4 17. Rc2 Bc5 18. Bxc5 Nxc5 19. b4 Ncd3+ 20. Bxd3
Nxd3+ 21. Ke2 O-O 22. Rb1 Ne5 23. Nb5 Ng4 24. Rb3 Rfe8+ 25. Kf3 Nxh2+ 26. Kg3
Nf1+ 27. Kf2 Nd2 28. Re3 Ne4+ 29. Kf3 Rd1 30. Nc3 Rf1+ 31. Ke2 Rf2+ 32. Kd3
Nc5+ 0-1

[Event "SR 3. liga A2 2012/2013"]
[Site "?"]
[Date "2012.11.18"]
[Round "4.3"]
[White "Bincik, Pavol"]
[Black "Bahna, Jan"]
[Result "1/2-1/2"]
[WhiteElo "1937"]
[BlackElo "1943"]
[PlyCount "80"]
[EventDate "2012.??.??"]

1. d4 d5 2. c4 e6 3. Nc3 Nf6 4. Bg5 Be7 5. e3 h6 6. Bh4 O-O 7. Nf3 a6 8. cxd5
exd5 9. Bd3 c6 10. O-O Ne4 11. Bxe7 Qxe7 12. Ne5 Nd7 13. Bxe4 Nxe5 14. Bxd5 Ng4
15. Bf3 Qh4 16. Bxg4 Bxg4 17. f3 Be6 18. Qe1 Qd8 19. Qf2 f5 20. Rad1 Qa5 21.
Rd2 Rad8 22. Rfd1 Rd7 23. Qg3 Rfd8 24. h3 Kh7 25. Kh1 g5 26. f4 Rg8 27. fxg5
Rxg5 28. Qf4 Rdg7 29. a3 Bb3 30. Rg1 Bd5 31. Kh2 Be6 32. Rf2 Bd7 33. Rd1 Be6
34. d5 cxd5 35. Qe5 Qb6 36. Nxd5 Bxd5 37. Rxd5 Qc6 38. Qd6 Qc8 39. Qc5 Qg8 40.
Rdd2 Qe6 1/2-1/2

[Event "SR 3. liga A2 2012/2013"]
[Site "?"]
[Date "2012.11.18"]
[Round "4.3"]
[White "Krist, Milan"]
[Black "Manak, Adrian"]
[Result "0-1"]
[WhiteElo "1985"]
[BlackElo "1949"]
[PlyCount "70"]
[EventDate "2012.??.??"]

1. d4 d5 2. Nf3 Nf6 3. c4 c6 4. Nc3 dxc4 5. a4 Bf5 6. e3 e6 7. Bxc4 Bb4 8. Bd2
O-O 9. O-O Nbd7 10. h3 h6 11. Re1 Qa5 12. Qc1 e5 13. d5 cxd5 14. Nxd5 Nxd5 15.
e4 N5b6 16. exf5 Nxc4 17. Bxh6 Be7 18. Bxg7 Kxg7 19. Qxc4 Rg8 20. Rad1 Rad8 21.
Rd5 Qxe1+ 22. Nxe1 Nb6 23. Qg4+ Kh6 24. Rxd8 Rxg4 25. Rb8 Rxa4 26. Rxb7 Nd5 27.
Rd7 Ra1 28. f6 Rxe1+ 29. Kh2 Bc5 30. Rxd5 Bxf2 31. b4 Kg6 32. Rd3 e4 33. Rd5 e3
34. g4 Kxf6 35. Rf5+ Ke7 0-1

[Event "SR 3. liga A2 2012/2013"]
[Site "?"]
[Date "2012.11.18"]
[Round "4.3"]
[White "Nemsak, Denis"]
[Black "Mosny, Jaroslav"]
[Result "1-0"]
[WhiteElo "1873"]
[BlackElo "1923"]
[PlyCount "79"]
[EventDate "2012.??.??"]

1. c4 Nf6 2. Nc3 g6 3. e4 d6 4. d4 Bg7 5. f4 O-O 6. Nf3 c6 7. Bd3 Qc7 8. O-O
Nbd7 9. e5 Ne8 10. Qe1 e6 11. h4 c5 12. h5 cxd4 13. Ne4 Nc5 14. Nxc5 dxc5 15.
hxg6 fxg6 16. Qh4 Bh8 17. Ng5 Qg7 18. Rf3 h6 19. Ne4 b6 20. Rh3 h5 21. Rg3 Rf5
22. Nf2 Bb7 23. Bxf5 exf5 24. Qg5 Kh7 25. a4 Nc7 26. a5 Ne6 27. Qh4 Qc7 28.
axb6 axb6 29. Rga3 Re8 30. Ra7 Bg7 31. R1a3 Qc6 32. Qg3 Re7 33. Bd2 b5 34. cxb5
Qxb5 35. Rb3 Qe2 36. Ba5 Bd5 37. Rxe7 Bxb3 38. Qxb3 c4 39. Qd1 Qxd1+ 40. Nxd1
1-0

[Event "SR 3. liga A2 2012/2013"]
[Site "?"]
[Date "2012.11.18"]
[Round "4.3"]
[White "Bukovsky, Milan"]
[Black "Slaby, Jozef"]
[Result "1/2-1/2"]
[WhiteElo "1956"]
[BlackElo "1890"]
[PlyCount "68"]
[EventDate "2012.??.??"]

1. c4 Nf6 2. Nc3 e6 3. d4 d5 4. Bg5 Be7 5. cxd5 exd5 6. e3 c6 7. Qc2 Nbd7 8.
Nf3 h6 9. Bh4 Nb6 10. Bd3 Be6 11. O-O O-O 12. Rae1 Re8 13. Ne5 Nfd7 14. Bxe7
Qxe7 15. f4 Nf6 16. h3 c5 17. f5 Bd7 18. Qe2 Qd6 19. Nxd7 Nbxd7 20. Nb5 Qb6 21.
dxc5 Nxc5 22. Bb1 Rad8 23. Nd4 Nce4 24. Bxe4 Rxe4 25. Qc2 Rde8 26. Qf2 a6 27.
b3 Qd6 28. Re2 Nh5 29. Rfe1 Qe7 30. Qf3 Qg5 31. Kh2 Nf6 32. Qg3 Qxg3+ 33. Kxg3
Nd7 34. Nf3 Nf6 1/2-1/2

[Event "SR 3. liga A2 2012/2013"]
[Site "?"]
[Date "2012.11.18"]
[Round "4.3"]
[White "Curidlo, Jan"]
[Black "Klanica, Anton"]
[Result "1/2-1/2"]
[WhiteElo "1880"]
[BlackElo "1853"]
[PlyCount "96"]
[EventDate "2012.??.??"]

1. e4 e6 2. d4 d5 3. Nd2 Nf6 4. e5 Nfd7 5. Bd3 c5 6. c3 Nc6 7. Ne2 Qb6 8. Nf3
cxd4 9. cxd4 Bb4+ 10. Bd2 O-O 11. O-O Bxd2 12. Qxd2 f5 13. exf6 Nxf6 14. a3 Bd7
15. b4 Ne7 16. Ne5 Bb5 17. Nc3 Bxd3 18. Qxd3 Rac8 19. Na4 Qc7 20. Nc5 Rfe8 21.
Nxe6 Qc3 22. Nc5 Qxd3 23. Ncxd3 Nf5 24. Nf3 Rc3 25. Rfd1 Rec8 26. Rac1 Ne4 27.
Rxc3 Rxc3 28. a4 Ra3 29. a5 Ned6 30. h3 Nb5 31. Nf4 Nc3 32. Re1 Ne4 33. Nxd5
Nfd6 34. Ne5 Ra2 35. f3 Ng3 36. Kh2 Ngf5 37. Rd1 a6 38. Kg1 Nb5 39. Rc1 Nfd6
40. Nc3 Nxc3 41. Rxc3 Rd2 42. Nc4 Rd1+ 43. Kh2 Nb5 44. Re3 Rxd4 45. Re4 Rd7 46.
Re6 Kf8 47. Kg3 Rd4 48. Re4 Rd3 1/2-1/2

[Event "SR 3. liga A2 2012/2013"]
[Site "?"]
[Date "2012.11.18"]
[Round "4.3"]
[White "Holicky, Miroslav"]
[Black "Nedorost, Lubomir"]
[Result "1-0"]
[WhiteElo "1750"]
[BlackElo "1687"]
[PlyCount "55"]
[EventDate "2012.??.??"]

1. e4 c5 2. c4 Nc6 3. Nc3 Nf6 4. g3 g6 5. Bg2 Bg7 6. Nge2 d6 7. O-O O-O 8. d3
Bg4 9. h3 Be6 10. Be3 Ne8 11. f4 f5 12. Qd2 Qd7 13. Kh2 Rb8 14. b3 a6 15. Rae1
b5 16. exf5 Bxf5 17. g4 Be6 18. Ng3 Nd4 19. Nce4 h6 20. f5 gxf5 21. gxf5 Nxf5
22. Nxf5 Bxf5 23. Bxh6 e6 24. Ng3 Bxh6 25. Qxh6 Qh7 26. Nxf5 exf5 27. Bd5+ Kh8
28. Qxf8+ 1-0

[Event "SR 3. liga A2 2012/2013"]
[Site "?"]
[Date "2012.11.18"]
[Round "4.3"]
[White "Sedlak, Rastislav"]
[Black "Steinecker, Frantisek"]
[Result "0-1"]
[WhiteElo "1592"]
[BlackElo "1708"]
[PlyCount "132"]
[EventDate "2012.??.??"]

1. e4 d6 2. d4 g6 3. Nf3 Bg7 4. Bc4 Nf6 5. Nc3 c6 6. O-O O-O 7. h3 Nbd7 8. Re1
b5 9. Bb3 e5 10. dxe5 dxe5 11. Bg5 Qc7 12. a3 Nc5 13. Ba2 Be6 14. b4 Bxa2 15.
Rxa2 Ne6 16. Ra1 h6 17. Be3 Rad8 18. Qe2 Nh5 19. g3 Nd4 20. Bxd4 exd4 21. Na2
d3 22. cxd3 Bxa1 23. Rxa1 Qd7 24. d4 Qxh3 25. Rc1 Qg4 26. Qe3 Rfe8 27. Ne5 Qe6
28. Nc3 Kg7 29. Ne2 Rd6 30. g4 f6 31. gxh5 fxe5 32. dxe5 Qxe5 33. Qxa7+ Re7 34.
Qc5 Qxc5 35. Rxc5 Rxe4 36. Ng3 Rg4 37. Kf1 Rc4 38. Re5 Rc1+ 39. Kg2 Kf6 40. Re3
Kf7 41. Ne4 Re6 42. Rf3+ Kg7 43. Nc5 Rf6 44. Re3 gxh5 45. Re7+ Kf8 46. Re5 Rg6+
47. Kf3 Rc3+ 48. Ke2 Rxa3 49. Rxh5 Ra2+ 50. Ke3 Kf7 51. f4 Ra3+ 52. Ke4 Ra1 53.
Nd3 Rd6 54. Ne5+ Kg7 55. Nd3 Rd1 56. Rh3 h5 57. Ne5 R6d4+ 58. Kf5 Rf1 59. Rxh5
Rdxf4+ 60. Ke6 Rf6+ 61. Ke7 Rg1 62. Kd7 Rd1+ 63. Ke7 Rdd6 64. Rg5+ Kh6 65. Rg1
Rde6+ 66. Kd7 Rxe5 0-1

[Event "SR 3. liga A2 2012/2013"]
[Site "?"]
[Date "2012.11.18"]
[Round "4.4"]
[White "Malar, Pavol"]
[Black "Veselsky, Jozef"]
[Result "0-1"]
[WhiteElo "2118"]
[BlackElo "2158"]
[PlyCount "114"]
[EventDate "2012.??.??"]

1. e4 c5 2. Nf3 Nc6 3. Bb5 g6 4. O-O Bg7 5. c3 Nf6 6. Re1 O-O 7. d3 a6 8. Ba4
b5 9. Bb3 d6 10. Nbd2 Bb7 11. Nf1 Na5 12. Bc2 Qc7 13. Bg5 Rae8 14. Qd2 Ng4 15.
h3 Ne5 16. N3h2 f6 17. Bh6 Nf7 18. Bxg7 Kxg7 19. Ng3 d5 20. b4 cxb4 21. cxb4
Nc6 22. Rac1 Qd6 23. a3 Nd4 24. Bd1 e5 25. Qa2 Ng5 26. Bb3 Nxb3 27. Qxb3 Rc8
28. h4 Ne6 29. Ng4 d4 30. Qb2 Nf4 31. Qd2 h5 32. Nh2 Qe6 33. Ne2 Nxe2+ 34. Qxe2
Rc3 35. Rxc3 dxc3 36. Qc2 Rc8 37. Nf3 Qd7 38. Rd1 Qg4 39. Rc1 Qf4 40. Qd1 Rc7
41. Rc2 f5 42. g3 Qg4 43. Rc1 fxe4 44. Nxe5 Qe6 45. d4 Qd5 46. Rc2 e3 47. f3
Re7 48. Rxc3 Rxe5 49. Rc7+ Kg8 50. Rxb7 e2 51. Rb8+ Kg7 52. Qe1 Re3 53. Rc8
Qxf3 54. d5 Qxd5 55. Rc7+ Kh6 56. Kh2 Qe5 57. Rc2 Rxg3 0-1

[Event "SR 3. liga A2 2012/2013"]
[Site "?"]
[Date "2012.11.18"]
[Round "4.4"]
[White "Darazs, Zoltan"]
[Black "Hertel, Ondrej"]
[Result "1-0"]
[WhiteElo "2124"]
[BlackElo "2079"]
[PlyCount "93"]
[EventDate "2012.??.??"]

1. e4 c6 2. d4 d5 3. Nc3 dxe4 4. Nxe4 Nd7 5. Bd3 Ngf6 6. Ng5 e6 7. N1f3 h6 8.
Nxe6 Qe7 9. O-O fxe6 10. Bg6+ Kd8 11. c4 Qb4 12. Qe2 b5 13. b3 bxc4 14. bxc4
Ba6 15. Bd3 Bd6 16. Rb1 Qa4 17. Ne5 Bxe5 18. dxe5 Ne8 19. Bd2 c5 20. f4 Rf8 21.
f5 Nc7 22. f6 g5 23. h4 Nd5 24. cxd5 Qd4+ 25. Qe3 Bxd3 26. Qxd4 cxd4 27. dxe6
Nxe5 28. e7+ Ke8 29. exf8=Q+ Kxf8 30. hxg5 hxg5 31. Bxg5 Bxb1 32. Rxb1 Rd8 33.
Rb7 d3 34. Bd2 Rc8 35. Rxa7 Rc2 36. Bb4+ Kg8 37. Rg7+ Kh8 38. Re7 Ng4 39. Re8+
Kh7 40. f7 Rc1+ 41. Re1 Rxe1+ 42. Bxe1 Kg7 43. a4 Kxf7 44. a5 Ne5 45. a6 Nc6
46. Kf1 Ke6 47. Bf2 1-0

[Event "SR 3. liga A2 2012/2013"]
[Site "?"]
[Date "2012.11.18"]
[Round "4.4"]
[White "Bisco, Igor"]
[Black "Marosi, Csaba"]
[Result "1/2-1/2"]
[WhiteElo "2143"]
[BlackElo "1949"]
[PlyCount "22"]
[EventDate "2012.??.??"]

1. e4 c5 2. Nf3 e6 3. d4 cxd4 4. Nxd4 Qb6 5. Nb3 Qc7 6. Nc3 a6 7. Bd3 b5 8. a3
Bb7 9. O-O Nf6 10. Be3 Be7 11. Qe2 d6 1/2-1/2

[Event "SR 3. liga A2 2012/2013"]
[Site "?"]
[Date "2012.11.18"]
[Round "4.4"]
[White "Meszaros, Lorant"]
[Black "Peska, Juraj"]
[Result "1-0"]
[WhiteElo "2048"]
[BlackElo "1928"]
[PlyCount "109"]
[EventDate "2012.??.??"]

1. d4 e6 2. c4 d5 3. Nf3 Nf6 4. g3 Be7 5. Bg2 O-O 6. O-O b6 7. Nc3 Bb7 8. Ne5
Nbd7 9. Qa4 Nxe5 10. dxe5 Ne8 11. cxd5 exd5 12. Rd1 c6 13. e4 Nc7 14. exd5 cxd5
15. Qb3 Bc5 16. Nxd5 Nxd5 17. Bxd5 Bxd5 18. Rxd5 Qe7 19. Be3 Bxe3 20. Qxe3 Rfe8
21. Rad1 Rad8 22. Qd4 Rxd5 23. Qxd5 g6 24. f4 Rc8 25. Rd2 Kf8 26. Kg2 Rc5 27.
Qa8+ Kg7 28. Qe4 Kf8 29. g4 Kg7 30. Re2 Kg8 31. Kg3 Rc1 32. Qd4 Rc5 33. h4 Rc8
34. f5 Rd8 35. Qc4 Qd7 36. e6 fxe6 37. fxe6 Qd3+ 38. Qxd3 Rxd3+ 39. Kf4 Kf8 40.
h5 gxh5 41. gxh5 Ke7 42. Kg5 Rd5+ 43. Kh6 Rf5 44. Rh2 Kxe6 45. Kxh7 Rg5 46. h6
Ke7 47. Re2+ Kd7 48. Re3 a5 49. a3 b5 50. b4 axb4 51. axb4 Rg4 52. Re5 Rxb4 53.
Kg6 Rd4 54. Rxb5 Rd6+ 55. Kg7 1-0

[Event "SR 3. liga A2 2012/2013"]
[Site "?"]
[Date "2012.11.18"]
[Round "4.4"]
[White "Majtan, Martin"]
[Black "Kalmar, Tamas"]
[Result "0-1"]
[WhiteElo "1856"]
[BlackElo "1920"]
[PlyCount "28"]
[EventDate "2012.??.??"]

1. e4 e6 2. d4 d5 3. e5 c5 4. c3 Nc6 5. Nf3 Qb6 6. a3 c4 7. Nbd2 Bd7 8. b3 cxb3
9. Qxb3 Qxb3 10. Nxb3 Nge7 11. Nc5 Ng6 12. Nxb7 Rb8 13. Rb1 Nd8 14. Ba6 Bc6 0-1

[Event "SR 3. liga A2 2012/2013"]
[Site "?"]
[Date "2012.11.18"]
[Round "4.4"]
[White "Szitasi, Janos"]
[Black "Gajarsky, Roman"]
[Result "1/2-1/2"]
[WhiteElo "1963"]
[BlackElo "1873"]
[PlyCount "28"]
[EventDate "2012.??.??"]

1. e4 e5 2. Nf3 Nc6 3. Bb5 a6 4. Ba4 Nf6 5. O-O Be7 6. d3 b5 7. Bb3 d6 8. c3
Bg4 9. h3 Be6 10. Re1 h6 11. d4 exd4 12. cxd4 Bxb3 13. Qxb3 d5 14. exd5 Qxd5
1/2-1/2

[Event "SR 3. liga A2 2012/2013"]
[Site "?"]
[Date "2012.11.18"]
[Round "4.4"]
[White "Janas, Peter"]
[Black "Vegh, Vince"]
[Result "0-1"]
[WhiteElo "1756"]
[BlackElo "1932"]
[PlyCount "104"]
[EventDate "2012.??.??"]

1. d4 d5 2. Nf3 Nf6 3. g3 e6 4. c4 c6 5. b3 Be7 6. Bg2 b6 7. O-O O-O 8. Qc2
Nbd7 9. Bb2 a5 10. a3 Ba6 11. Nbd2 Rc8 12. Rfe1 c5 13. e3 dxc4 14. bxc4 cxd4
15. exd4 Bxc4 16. Rac1 Bd5 17. Qxc8 Qxc8 18. Rxc8 Rxc8 19. Rc1 Rb8 20. Ne1 b5
21. Nd3 b4 22. axb4 axb4 23. Bxd5 Nxd5 24. Nb3 g6 25. Kg2 Kf8 26. Na5 Bd6 27.
Nb3 N7f6 28. Ndc5 Ke8 29. Ra1 Nd7 30. Ra7 N7b6 31. Bc1 Rc8 32. Bd2 e5 33. Be3
Nc4 34. Ne4 Ndxe3+ 35. fxe3 Nxe3+ 36. Kf3 Nc4 37. Nf6+ Kf8 38. Nd7+ Kg7 39.
dxe5 Nxe5+ 40. Kg2 Rc2+ 41. Kf1 Rxh2 42. Nxe5 Bxe5 43. Rb7 Bxg3 44. Nc5 Rb2 45.
Nd3 Rd2 46. Nc5 Bd6 47. Nb3 Ra2 48. Nd4 h5 49. Rd7 Be5 50. Ne6+ Kf6 51. Nc5 h4
52. Rd3 Ra3 0-1

[Event "SR 3. liga A2 2012/2013"]
[Site "?"]
[Date "2012.11.18"]
[Round "4.4"]
[White "Mezei, Tibor"]
[Black "Tupy, Bystrik"]
[Result "1-0"]
[WhiteElo "1811"]
[BlackElo "1538"]
[PlyCount "59"]
[EventDate "2012.??.??"]

1. e4 e5 2. Nf3 Nc6 3. Bc4 Bc5 4. Nc3 h6 5. a3 Nf6 6. b4 Bd6 7. d3 a6 8. Be3 b5
9. Bb3 Ne7 10. d4 Ng6 11. h3 Bb7 12. d5 Qe7 13. Qd2 c6 14. O-O a5 15. dxc6 dxc6
16. Rfd1 axb4 17. Qxd6 Qxd6 18. Rxd6 bxc3 19. Ne1 O-O 20. f3 Rfd8 21. Bc5 Ne8
22. Rxg6 Kh7 23. Rg3 f6 24. Bb4 Rd7 25. Nd3 g5 26. Nc5 Rc7 27. Ne6 Rcc8 28. Rd1
Kg6 29. Nf8+ Kh5 30. Bf7+ 1-0

[Event "SR 3. liga A2 2012/2013"]
[Site "?"]
[Date "2012.11.18"]
[Round "4.5"]
[White "Kapusta, Petr"]
[Black "Puskar, Peter"]
[Result "1-0"]
[WhiteElo "2152"]
[BlackElo "2004"]
[PlyCount "51"]
[EventDate "2012.??.??"]

1. e4 c5 2. Nf3 d6 3. d4 cxd4 4. Nxd4 Nf6 5. Nc3 a6 6. Be2 e5 7. Nb3 Be7 8. O-O
O-O 9. Kh1 Re8 10. f4 exf4 11. Bxf4 Nc6 12. Qe1 Qc7 13. Qg3 Ne5 14. Nd4 Be6 15.
Bg5 Kh8 16. Nf5 Bxf5 17. Rxf5 Ned7 18. Raf1 b5 19. Bd3 b4 20. Nd5 Nxd5 21. Rxf7
Rg8 22. exd5 Ne5 23. Rxe7 Qc5 24. Bf6 Ng6 25. Bxg6 Ra7 26. Qh4 1-0

[Event "SR 3. liga A2 2012/2013"]
[Site "?"]
[Date "2012.11.18"]
[Round "4.5"]
[White "Lukacovic, Miroslav"]
[Black "Strakac, Petr"]
[Result "0-1"]
[WhiteElo "1997"]
[BlackElo "2066"]
[PlyCount "98"]
[EventDate "2012.??.??"]

1. d4 Nf6 2. c4 e5 3. e3 exd4 4. exd4 Bb4+ 5. Bd2 Qe7+ 6. Qe2 Bxd2+ 7. Nxd2
Qxe2+ 8. Bxe2 d5 9. Ngf3 O-O 10. O-O Nc6 11. a3 Bg4 12. Rfe1 dxc4 13. Bxc4 Rad8
14. Ne5 Nxe5 15. dxe5 Rxd2 16. exf6 gxf6 17. Re7 Bd7 18. Rae1 Kg7 19. f4 f5 20.
R1e3 Kf6 21. Be2 Bc6 22. b4 Rd7 23. Rxd7 Bxd7 24. Bf3 c6 25. Kf2 Ra8 26. Rd3
Ke7 27. Ke3 a5 28. b5 cxb5 29. Bxb7 Ra7 30. Bf3 Rc7 31. Kd2 Be6 32. Bd1 Rc5 33.
Rh3 Rd5+ 34. Kc2 Rd4 35. Rxh7 Bd5 36. Bf3 Bxf3 37. gxf3 Rxf4 38. Rh3 Ke6 39.
Kb2 Ke5 40. Kc3 Rc4+ 41. Kb3 a4+ 42. Kb2 Kf4 43. Rh5 Rc5 44. Rh7 Kxf3 45. Rxf7
f4 46. Rg7 Rh5 47. Kc3 Rxh2 48. Rg5 Ra2 49. Rxb5 Rxa3+ 0-1

[Event "SR 3. liga A2 2012/2013"]
[Site "?"]
[Date "2012.11.18"]
[Round "4.5"]
[White "Berger, Patrik"]
[Black "Halas, Miroslav"]
[Result "1/2-1/2"]
[WhiteElo "1930"]
[BlackElo "1923"]
[PlyCount "89"]
[EventDate "2012.??.??"]

1. e4 d6 2. d4 g6 3. Nc3 Bg7 4. Be3 a6 5. Qd2 b5 6. Be2 Bb7 7. f3 Nd7 8. Nh3 c5
9. Nf2 Ngf6 10. O-O O-O 11. Rad1 Rc8 12. d5 Nb6 13. f4 b4 14. Nb1 Qc7 15. c4
Rcd8 16. b3 e6 17. Qd3 exd5 18. cxd5 a5 19. Nd2 Ra8 20. Ng4 a4 21. Nc4 axb3 22.
axb3 Ra2 23. e5 Nxg4 24. exd6 Qd8 25. Bxg4 Nxc4 26. Qxc4 Ba6 27. Qxc5 Bxf1 28.
Rxf1 Re8 29. Qc7 f5 30. Bf3 Bf8 31. Qc5 Bxd6 32. Qd4 Qc7 33. Kh1 Qc3 34. Qxc3
bxc3 35. Bd4 Rb8 36. Be5 Rb6 37. Bxc3 Rxb3 38. Be5 Rb6 39. Rc1 Kf7 40. h3 Rba6
41. Rc8 Be7 42. d6 Ra1+ 43. Bxa1 Rxa1+ 44. Kh2 Bxd6 45. g3 1/2-1/2

[Event "SR 3. liga A2 2012/2013"]
[Site "?"]
[Date "2012.11.18"]
[Round "4.5"]
[White "Kolenak, Matus"]
[Black "Hudacek, Josef"]
[Result "1-0"]
[WhiteElo "1916"]
[BlackElo "2067"]
[PlyCount "74"]
[EventDate "2012.??.??"]

1. e4 c6 2. d4 d6 3. Nf3 Nf6 4. Bd3 Bg4 5. O-O Nbd7 6. h3 Bxf3 7. Qxf3 g6 8.
Be3 Bg7 9. Nd2 O-O 10. c3 e5 11. Nc4 Qc7 12. dxe5 dxe5 13. a4 b5 14. Nd2 a6 15.
b4 Rfd8 16. Qe2 Bf8 17. Rfb1 Nb6 18. a5 Na4 19. Rxa4 bxa4 20. Bxa6 c5 21. Qc4
Rab8 22. Ra1 Ne8 23. Rxa4 Nd6 24. Qb3 cxb4 25. Bb6 Qxc3 26. Bxd8 Rxd8 27. Qxb4
Nxe4 28. Qxe4 Rxd2 29. Bf1 Bc5 30. a6 Bxf2+ 31. Kh1 Rd1 32. Qe2 Qc1 33. g4
Rxf1+ 34. Kg2 Rd1 35. Rc4 Qa1 36. Rc8+ Kg7 37. Kxf2 Rd6 1-0

[Event "SR 3. liga A2 2012/2013"]
[Site "?"]
[Date "2012.11.18"]
[Round "4.5"]
[White "Londin, Martin"]
[Black "Hagara, Vladimir"]
[Result "1-0"]
[WhiteElo "1956"]
[BlackElo "1909"]
[PlyCount "89"]
[EventDate "2012.??.??"]

1. e4 c5 2. Nf3 d6 3. d4 cxd4 4. Nxd4 Nf6 5. Nc3 a6 6. Be2 e5 7. Nf3 h6 8. O-O
Be6 9. h3 Be7 10. Be3 Nbd7 11. Nd2 O-O 12. a4 d5 13. exd5 Nxd5 14. Nxd5 Bxd5
15. c4 Bc6 16. Bf3 Qc7 17. Bxc6 Qxc6 18. Qf3 Qxf3 19. Nxf3 e4 20. Nd4 Ne5 21.
b3 Bb4 22. Nf5 Rad8 23. Rad1 Rd3 24. Rxd3 Nxd3 25. f3 exf3 26. Rxf3 Ne5 27. Rg3
Ng6 28. Bd4 Rd8 29. Bxg7 Rd1+ 30. Kh2 Bc5 31. Rf3 h5 32. Bf6 Rd7 33. Bc3 Bf8
34. g3 Ne7 35. Nxe7+ Bxe7 36. h4 Rd1 37. Bf6 Re1 38. Kg2 Bc5 39. Rf5 Be7 40.
Kf2 Re6 41. Bxe7 Rxe7 42. Rxh5 Kg7 43. Rf5 Kg6 44. g4 Re4 45. h5+ 1-0

[Event "SR 3. liga A2 2012/2013"]
[Site "?"]
[Date "2012.11.18"]
[Round "4.5"]
[White "Babirat, Michal"]
[Black "Kubis, Ivan"]
[Result "0-1"]
[WhiteElo "1760"]
[BlackElo "2013"]
[PlyCount "46"]
[EventDate "2012.??.??"]

1. c4 e5 2. Nc3 Nf6 3. g3 Bb4 4. Bg2 O-O 5. a3 Bxc3 6. dxc3 Nc6 7. Nf3 d6 8.
O-O Be6 9. b3 h6 10. Qc2 Qd7 11. e4 a5 12. a4 Nh5 13. Nh4 Ne7 14. Be3 g5 15.
Nf3 f5 16. exf5 Bxf5 17. Qd2 Rad8 18. h4 Bh3 19. Kh2 Bxg2 20. Kxg2 Qc6 21. Bxg5
Qxf3+ 22. Kg1 hxg5 23. Qxg5+ Kf7 0-1